[Event "Crawley e2e4 Gatwick op U1950"]
[Site "Crawley"]
[Date "2016.02.20"]
[Round "3"]
[White "Cork, David J"]
[Black "Mumford, Robert"]
[Result "0-1"]
[WhiteElo "1776"]
[BlackElo "1638"]
[PlyCount "78"]
[EventDate "2016.02.19"]
[EventType "swiss"]
[EventRounds "5"]
[EventCountry "ENG"]
[SourceTitle "EXT 2019"]
[Source "ChessBase"]
[SourceDate "2018.10.10"]
[SourceVersion "1"]
[SourceVersionDate "2018.10.10"]
[SourceQuality "1"]

1. e4 c5 2. Nf3 d6 3. d4 cxd4 4. Nxd4 Nf6 5. Nc3 a6 6. Be3 e5 7. Nb3 Be6 8. Bd3 Be7 9. f3 d5 10. exd5 Nxd5 11. Bd2 0-0 12. Qe2 Nc6 13. 0-0-0 Bg5 14. Kb1 Bxd2 15. Rxd2 Nxc3+ 16. bxc3 Qc7 17. Ka1 Rac8 18. Nc5 Bxa2 19. Qe4 g6 20. Qa4 Bd5 21. Bxg6 hxg6 22. Rxd5 Ne7 23. Rhd1 Nxd5 24. Rxd5 Rfd8 25. Ne4 Kg7 26. Rc5 Qb6 27. Qb4 Qxb4 28. cxb4 Rxc5 29. bxc5 f5 30. Nd6 Rd7 31. Kb2 Kf6 32. Kc3 Ke6 33. Kc4 Rxd6 34. cxd6 Kxd6 35. g4 fxg4 36. fxg4 a5 37. h4 Ke6 38. Kb5 b6 39. c4 e4 0-1

[Event "London Golders Green op U1900 4th"]
[Site "London"]
[Date "2014.08.25"]
[Round "6"]
[White "Kazmierczak, Amadeusz"]
[Black "Cork, David J"]
[Result "1/2-1/2"]
[WhiteElo "1826"]
[BlackElo "1756"]
[PlyCount "42"]
[EventDate "2014.08.23"]
[EventType "swiss"]
[EventRounds "6"]
[EventCountry "ENG"]
[SourceTitle "EXT 2018"]
[Source "ChessBase"]
[SourceDate "2017.10.13"]
[SourceVersion "1"]
[SourceVersionDate "2017.10.13"]
[SourceQuality "1"]

1. d4 Nf6 2. Nf3 d6 3. c4 g6 4. e3 Bg7 5. Nc3 0-0 6. Be2 Nbd7 7. 0-0 e5 8. dxe5 Nxe5 9. Qc2 Bg4 10. Nxe5 dxe5 11. Rd1 Qe7 12. Bxg4 Nxg4 13. Qe4 Qh4 14. h3 Qxf2+ 15. Kh1 Nf6 16. Qxb7 Rad8 17. Nd5 Nh5 18. Qxc7 e4 19. Ne7+ Kh8 20. Rxd8 Ng3+ 21. Kh2 Nf1+ 1/2-1/2

[Event "Hampstead op U2200 02"]
[Site "Hampstead"]
[Date "2013.02.17"]
[Round "4"]
[White "Cork, David J"]
[Black "Oyama, Harunobu"]
[Result "0-1"]
[WhiteElo "1846"]
[BlackElo "1584"]
[PlyCount "92"]
[EventDate "2013.02.16"]
[EventType "swiss"]
[EventRounds "5"]
[EventCountry "ENG"]
[SourceTitle "EXT 2014"]
[Source "ChessBase"]
[SourceDate "2013.11.20"]
[SourceVersion "1"]
[SourceVersionDate "2013.11.20"]
[SourceQuality "1"]

1. e4 c5 2. Nf3 Nc6 3. d4 cxd4 4. Nxd4 d5 5. Bb5 dxe4 6. Nxc6 Qxd1+ 7. Kxd1 a6 8. Ba4 Bd7 9. Nc3 Bxc6 10. Bxc6+ bxc6 11. Nxe4 e5 12. Be3 f5 13. Nc3 f4 14. Bb6 Rb8 15. Bc7 Rxb2 16. Bxe5 Nf6 17. Nd5 Rb7 18. Nxf6+ gxf6 19. Bxf4 Rd7+ 20. Ke2 Bg7 21. Rad1 Rb7 22. Rb1 Rb5 23. Rxb5 axb5 24. Kd3 Kd7 25. Re1 Ra8 26. Ra1 f5 27. c3 Ra3 28. Bd2 c5 29. Kc2 b4 30. Kb2 Bxc3+ 31. Bxc3 Rxc3 32. a4 c4 33. a5 Kc7 34. a6 Rb3+ 35. Kc2 Kb8 36. Ra5 Ka7 37. Rxf5 Kxa6 38. g4 Rc3+ 39. Kd2 Rd3+ 40. Kc2 b3+ 41. Kc1 Rc3+ 42. Kb1 Rc2 43. h4 c3 44. Rf3 Kb5 45. h5 Kb4 46. g5 Rd2 0-1

[Event "Sunningdale e2e4 Major op"]
[Site "Sunningdale"]
[Date "2011.05.28"]
[Round "3"]
[White "Cork, David J"]
[Black "Fell, Colin C"]
[Result "1-0"]
[WhiteElo "1824"]
[BlackElo "1562"]
[PlyCount "29"]
[EventDate "2011.05.27"]
[EventType "swiss"]
[EventRounds "7"]
[EventCountry "ENG"]
[SourceTitle "EXT 2023"]
[Source "ChessBase"]
[SourceDate "2022.10.05"]
[SourceVersion "1"]
[SourceVersionDate "2022.10.05"]
[SourceQuality "1"]

1. e4 d6 2. d4 g6 3. Nc3 Bg7 4. Bf4 Nd7 5. Nf3 e6 6. Qd2 h5 7. Bc4 a6 8. 0-0-0 e5 9. dxe5 b5 10. Bxf7+ Kxf7 11. Qd5+ Ke8 12. Qxa8 Nc5 13. exd6 Bxc3 14. dxc7 Bxb2+ 15. Kb1 1-0

[Event "London Classic op"]
[Site "London"]
[Date "2010.12.12"]
[Round "5"]
[White "Obiamiwe, Paul"]
[Black "Cork, David J"]
[Result "1-0"]
[WhiteElo "2021"]
[BlackElo "1841"]
[PlyCount "137"]
[EventDate "2010.12.08"]
[EventType "swiss"]
[EventRounds "9"]
[EventCountry "ENG"]
[SourceTitle "CBM 139 Extra"]
[Source "ChessBase"]
[SourceDate "2011.01.05"]
[SourceVersion "1"]
[SourceVersionDate "2011.01.05"]
[SourceQuality "1"]

1. Nf3 Nf6 2. c4 d6 3. Nc3 g6 4. g3 Bg7 5. Bg2 0-0 6. 0-0 c5 7. d4 cxd4 8. Nxd4 a6 9. h3 Qc7 10. b3 Bd7 11. Be3 Nc6 12. Rc1 Nxd4 13. Bxd4 Bc6 14. e4 Qa5 15. Qd3 b5 16. cxb5 axb5 17. a4 bxa4 18. bxa4 Rfb8 19. Rb1 Rb4 20. Rxb4 Qxb4 21. Rb1 Qa3 22. Qc4 Bd7 23. e5 Be6 24. Qb4 Qxb4 25. Rxb4 dxe5 26. Bxa8 exd4 27. Rxd4 Nd7 28. Rd3 h5 29. Bg2 Nc5 30. Rd8+ Kh7 31. Ne4 Nxa4 32. Ng5+ Kh6 33. Nxe6 fxe6 34. h4 e5 35. Kf1 Nc5 36. Bd5 Bf6 37. Rc8 Nd7 38. Be6 Nb6 39. Rc6 Na4 40. Bb3 Nb2 41. Bc2 g5 42. Ke2 gxh4 43. gxh4 Kg7 44. Kd2 e4 45. Bxe4 Bxh4 46. Kc1 Bf6 47. Rxf6 Kxf6 48. Kxb2 Ke5 49. Bb7 h4 50. Kc2 Kf4 51. Kd3 h3 52. Be4 h2 53. Bh1 Ke5 54. Ke3 Kf5 55. Kf3 e5 56. Ke3 Ke6 57. Ke4 Kf6 58. Ke3 Ke6 59. Be4 Kf6 60. Bh1 Kg5 61. Ke4 Kf6 62. Kf3 Kf5 63. Kg3 Kg5 64. f3 Kf5 65. Kxh2 Kg5 66. Kg3 Kh5 67. Kf2 Kg5 68. Ke3 Kf5 69. Bg2 1-0

[Event "London Classic op"]
[Site "London"]
[Date "2010.12.08"]
[Round "1"]
[White "Anderton, Matthew"]
[Black "Cork, David J"]
[Result "1-0"]
[WhiteElo "2227"]
[BlackElo "1841"]
[PlyCount "127"]
[EventDate "2010.12.08"]
[EventType "swiss"]
[EventRounds "9"]
[EventCountry "ENG"]
[SourceTitle "CBM 139 Extra"]
[Source "ChessBase"]
[SourceDate "2011.01.05"]
[SourceVersion "1"]
[SourceVersionDate "2011.01.05"]
[SourceQuality "1"]

1. e4 c5 2. c3 d5 3. exd5 Qxd5 4. d4 Nf6 5. Nf3 Bg4 6. Be2 e6 7. h3 Bh5 8. 0-0 Nc6 9. Be3 cxd4 10. Nxd4 Bxe2 11. Qxe2 Be7 12. Rd1 Nxd4 13. Bxd4 Qh5 14. Qc2 0-0 15. Re1 Nd5 16. Nd2 Qg6 17. Qxg6 hxg6 18. Nc4 Bf6 19. Ne5 Rfd8 20. Rad1 Nb6 21. b3 Rd6 22. a4 Rad8 23. a5 Bxe5 24. Rxe5 f6 25. Rb5 Nc8 26. Rxb7 e5 27. Rc1 exd4 28. cxd4 Rxd4 29. Rcc7 Kh7 30. Rb8 Rd1+ 31. Kh2 Nb6 32. Rxd8 Rxd8 33. axb6 axb6 34. Rc6 b5 35. Rc5 b4 36. Rc4 Rb8 37. Kg3 g5 38. Kf3 Kg6 39. h4 gxh4 40. Rxh4 Kf5 41. Re4 g5 42. g4+ Kg6 43. Ke3 Rb5 44. Kd4 f5 45. Re6+ Kf7 46. Re5 Rb8 47. Rxf5+ Kg6 48. Kc5 Rb7 49. f4 gxf4 50. Rxf4 Kg5 51. Rxb4 Rc7+ 52. Kd6 Rc3 53. Rb7 Kxg4 54. b4 Kf5 55. Re7 Kf6 56. Re2 Rd3+ 57. Kc5 Rc3+ 58. Kb6 Rc1 59. b5 Rc3 60. Kb7 Rc4 61. b6 Rc3 62. Kb8 Rc4 63. b7 Rc3 64. Ra2 1-0

[Event "London Classic op"]
[Site "London"]
[Date "2009.12.15"]
[Round "9"]
[White "Cork, David J"]
[Black "Burnham, Frank"]
[Result "1-0"]
[WhiteElo "1882"]
[BlackElo "1812"]
[PlyCount "91"]
[EventDate "2009.12.08"]
[EventType "swiss"]
[EventRounds "9"]
[EventCountry "ENG"]
[SourceTitle "CBM 133 Extra"]
[Source "ChessBase"]
[SourceDate "2010.01.05"]
[SourceVersion "1"]
[SourceVersionDate "2010.01.05"]
[SourceQuality "1"]

1. e4 c5 2. Nf3 e6 3. d4 cxd4 4. Nxd4 Nf6 5. Nc3 Bb4 6. Bd3 Qc7 7. Bd2 a6 8. Qe2 Nc6 9. Nxc6 dxc6 10. 0-0-0 e5 11. Kb1 Bg4 12. f3 Be6 13. Nd5 cxd5 14. Bxb4 d4 15. Qd2 b5 16. Qg5 Rg8 17. f4 h6 18. Qxe5 Qxe5 19. fxe5 Ng4 20. Rd2 Nxe5 21. Bc5 Nc6 22. Re1 Rd8 23. a4 Bc4 24. Red1 Bxd3 25. Rxd3 bxa4 26. Bxd4 g5 27. Bc5 Rxd3 28. Rxd3 Rg6 29. Ra3 Re6 30. Rxa4 Ne5 31. Bd4 Nd7 32. c3 Rxe4 33. Rxa6 Re2 34. Rxh6 Rxg2 35. b4 f5 36. b5 Kd8 37. b6 Kc8 38. Rh8+ Kb7 39. Rh7 Kc6 40. b7 Kxb7 41. Rxd7+ Kc6 42. Rh7 Kd5 43. h4 gxh4 44. Rxh4 Kc4 45. Rf4 Rg5 46. Bf6+ 1-0

[Event "London Classic op"]
[Site "London"]
[Date "2009.12.12"]
[Round "6"]
[White "Bishop, Geoffrey L"]
[Black "Cork, David J"]
[Result "1-0"]
[WhiteElo "1839"]
[BlackElo "1882"]
[PlyCount "51"]
[EventDate "2009.12.08"]
[EventType "swiss"]
[EventRounds "9"]
[EventCountry "ENG"]
[SourceTitle "CBM 133 Extra"]
[Source "ChessBase"]
[SourceDate "2010.01.05"]
[SourceVersion "1"]
[SourceVersionDate "2010.01.05"]
[SourceQuality "1"]

1. e4 c5 2. Nf3 d6 3. d4 cxd4 4. Nxd4 Nf6 5. Nc3 g6 6. Be3 Bg7 7. f3 0-0 8. Qd2 Nc6 9. Bc4 Qa5 10. 0-0-0 Bd7 11. h4 Ne5 12. Bb3 Rfc8 13. h5 b5 14. hxg6 hxg6 15. Bh6 Bh8 16. Nf5 Bxf5 17. exf5 Nc4 18. fxg6 Rc5 19. gxf7+ Kxf7 20. Qf4 Ke8 21. Bf8 Nh5 22. Qe4 Kxf8 23. Qxa8+ Kg7 24. Rd5 Nb6 25. Qd8 Rxd5 26. Nxd5 1-0

[Event "London Classic op"]
[Site "London"]
[Date "2009.12.11"]
[Round "5"]
[White "Cork, David J"]
[Black "Hayward, Alan"]
[Result "1/2-1/2"]
[WhiteElo "1882"]
[BlackElo "1986"]
[PlyCount "62"]
[EventDate "2009.12.08"]
[EventType "swiss"]
[EventRounds "9"]
[EventCountry "ENG"]
[SourceTitle "CBM 133 Extra"]
[Source "ChessBase"]
[SourceDate "2010.01.05"]
[SourceVersion "1"]
[SourceVersionDate "2010.01.05"]
[SourceQuality "1"]

1. e4 c5 2. Nf3 d6 3. d4 cxd4 4. Nxd4 Nf6 5. Nc3 g6 6. Be3 Bg7 7. f3 0-0 8. Qd2 Nc6 9. Bc4 Nxd4 10. Bxd4 Be6 11. Bxe6 fxe6 12. 0-0-0 Qa5 13. g4 Rac8 14. Kb1 Rc4 15. Qe2 Rfc8 16. e5 Nd5 17. Nxd5 Qxd5 18. Bc3 Qc6 19. f4 dxe5 20. fxe5 Qb6 21. Ka1 Qc5 22. Rd3 Rf8 23. h3 Rf2 24. Qe3 Qxe3 25. Rxe3 Rxc2 26. Kb1 Rf2 27. Rd1 Rc7 28. Red3 Rf8 29. Rd7 Rfc8 30. R7d3 Rf8 31. Rd7 Rfc8 1/2-1/2

[Event "London Classic op"]
[Site "London"]
[Date "2009.12.09"]
[Round "2"]
[White "Casiot, David J"]
[Black "Cork, David J"]
[Result "1-0"]
[WhiteElo "2143"]
[BlackElo "1882"]
[PlyCount "71"]
[EventDate "2009.12.08"]
[EventType "swiss"]
[EventRounds "9"]
[EventCountry "ENG"]
[SourceTitle "CBM 133 Extra"]
[Source "ChessBase"]
[SourceDate "2010.01.05"]
[SourceVersion "1"]
[SourceVersionDate "2010.01.05"]
[SourceQuality "1"]

1. e4 c5 2. Nf3 d6 3. c3 Nf6 4. Bd3 Nc6 5. 0-0 g6 6. Re1 Bg7 7. Bc2 0-0 8. d4 e5 9. d5 Ne7 10. Na3 Nh5 11. Nc4 b5 12. Ne3 Nf4 13. a4 f5 14. axb5 fxe4 15. Bxe4 Nf5 16. Nf1 Nh4 17. Nxh4 Qxh4 18. Ng3 Bg4 19. Qc2 Rf7 20. Ra6 Raf8 21. Be3 Bh6 22. Rxd6 Nh3+ 23. gxh3 Bxe3 24. fxe3 Rf2 25. Qxf2 Rxf2 26. Kxf2 Bxh3 27. Kg1 Qe7 28. Rc6 h5 29. Rxg6+ Kf7 30. Rh6 Qg5 31. Rxh5 Qg4 32. Rxe5 Qd7 33. c4 Qc7 34. Rh5 Qa5 35. Re2 Bg4 36. Rf2+ 1-0

[Event "BCF-chT4 0607 (4NCL)"]
[Site "Sunningdale"]
[Date "2007.05.27"]
[Round "10.142"]
[White "Littlejohns, David"]
[Black "Cork, David J"]
[Result "1/2-1/2"]
[WhiteElo "2080"]
[BlackElo "1960"]
[PlyCount "110"]
[EventDate "2006.09.16"]
[EventType "team-tourn"]
[EventRounds "11"]
[EventCountry "ENG"]
[SourceTitle "EXT 2008"]
[Source "ChessBase"]
[SourceDate "2007.11.25"]
[SourceVersion "1"]
[SourceVersionDate "2007.11.25"]
[SourceQuality "1"]
[WhiteTeam "Grendel's Mother"]
[BlackTeam "Conquistadors II"]
[WhiteTeamCountry "ENG"]
[BlackTeamCountry "ENG"]

1. e4 c5 2. Nc3 Nc6 3. g3 g6 4. Bg2 Bg7 5. d3 e6 6. f4 Nge7 7. Nf3 0-0 8. 0-0 d5 9. e5 Nf5 10. Ne2 b5 11. g4 Nh4 12. Nxh4 Qxh4 13. Ng3 Bb7 14. c3 Rab8 15. Be3 d4 16. cxd4 Nxd4 17. Bxd4 Bxg2 18. Kxg2 cxd4 19. Qe2 f6 20. exf6 Qxf6 21. Rac1 Rfc8 22. Ne4 Qe7 23. Rc2 e5 24. f5 gxf5 25. Rxf5 Qh4 26. h3 b4 27. b3 Qd8 28. Rf2 Rxc2 29. Qxc2 Rc8 30. Qe2 Bh6 31. Nf6+ Kh8 32. Qxe5 Bg7 33. g5 Qb6 34. Qf5 Qc6+ 35. Qe4 Bxf6 36. Qxc6 Rxc6 37. gxf6 Kg8 38. f7+ Kf8 39. Kg3 Rc3 40. Rd2 Kxf7 41. Kf4 Rc6 42. h4 Re6 43. Rc2 Re3 44. Rc4 Rxd3 45. Rxb4 Ke6 46. Ra4 Rd2 47. Rxa7 Rh2 48. Kg3 d3 49. Ra8 Rb2 50. Rd8 d2 51. Kf3 Rxa2 52. Ke2 Rb2 53. Rd3 Ke5 54. Rxd2 Rxb3 55. Rd7 h6 1/2-1/2

[Event "BCF-chT4 0607 (4NCL)"]
[Site "Sunningdale"]
[Date "2006.09.24"]
[Round "2.3"]
[White "Davies, Matthew"]
[Black "Cork, David J"]
[Result "1-0"]
[WhiteElo "1960"]
[BlackElo "1960"]
[PlyCount "65"]
[EventDate "2006.09.16"]
[EventType "team-tourn"]
[EventRounds "11"]
[EventCountry "ENG"]
[SourceTitle "CBM 115 Extra"]
[Source "ChessBase"]
[SourceDate "2007.01.10"]
[SourceVersion "1"]
[SourceVersionDate "2007.01.10"]
[SourceQuality "1"]
[WhiteTeam "King supp Pawn"]
[BlackTeam "Conquistadors"]
[WhiteTeamCountry "ENG"]
[BlackTeamCountry "ENG"]

1. d4 Nf6 2. c4 g6 3. Nc3 Bg7 4. e4 d6 5. Nf3 0-0 6. Be2 e5 7. 0-0 Nc6 8. d5 Ne7 9. Nd2 Ne8 10. b4 f5 11. c5 fxe4 12. Ndxe4 Nf5 13. Bc4 Kh8 14. Bg5 Bf6 15. Nxf6 Nxf6 16. Ne4 Bd7 17. a4 h6 18. Bxf6+ Rxf6 19. Nxf6 Qxf6 20. Qd2 Rf8 21. Bb5 Bc8 22. Bd3 Qh4 23. cxd6 cxd6 24. Rac1 Nd4 25. Qe3 Bf5 26. f4 Bxd3 27. Qxd3 Qg4 28. Kh1 Ne2 29. fxe5 Nf4 30. Qf3 Qd7 31. g3 g5 32. gxf4 Rxf4 33. e6 1-0

[Event "BCF-chT4 0607 (4NCL)"]
[Site "Sunningdale"]
[Date "2006.09.23"]
[Round "1.3"]
[White "Soszynski, Marek J"]
[Black "Cork, David J"]
[Result "1/2-1/2"]
[WhiteElo "1900"]
[BlackElo "1960"]
[PlyCount "104"]
[EventDate "2006.09.16"]
[EventType "team-tourn"]
[EventRounds "11"]
[EventCountry "ENG"]
[SourceTitle "CBM 115 Extra"]
[Source "ChessBase"]
[SourceDate "2007.01.10"]
[SourceVersion "1"]
[SourceVersionDate "2007.01.10"]
[SourceQuality "1"]
[WhiteTeam "Sutton Coldfield"]
[BlackTeam "Conquistadors"]
[WhiteTeamCountry "ENG"]
[BlackTeamCountry "ENG"]

1. Nf3 Nf6 2. c4 c6 3. g3 d5 4. b3 dxc4 5. bxc4 g6 6. Bg2 Bg7 7. Bb2 0-0 8. 0-0 Bf5 9. d3 Qc8 10. Re1 Bh3 11. Bh1 Qc7 12. Nbd2 Nbd7 13. Ng5 Bg4 14. Qb3 Nc5 15. Qb4 Na6 16. Qa4 Nc5 17. Qb4 Qd6 18. d4 Na6 19. Qb3 Rab8 20. e4 Nd7 21. e5 Qb4 22. Bc3 Qb6 23. h3 Bf5 24. g4 f6 25. gxf5 fxg5 26. f6 exf6 27. e6 Qxb3 28. axb3 Nb6 29. Ne4 Nc8 30. d5 cxd5 31. cxd5 Nc7 32. e7 Nxe7 33. d6 Ned5 34. dxc7 Rbc8 35. Rad1 Nxc3 36. Nxc3 Rxc7 37. Nd5 Rc2 38. Re7 Rf7 39. Re8+ Rf8 40. Rxf8+ Kxf8 41. Ne3 Rc3 42. Bd5 f5 43. Bc4 b5 44. Bxb5 Rxb3 45. Rd8+ Ke7 46. Rd7+ Kf8 47. Ba4 Ra3 48. Rxa7 Bd4 49. Ra8+ Kg7 50. Nc2 Rd3 51. Nxd4 Rxd4 52. Kg2 Rd6 1/2-1/2

[Event "BCF-chT4 0506 (4NCL)"]
[Site "West Bromwich"]
[Date "2006.03.18"]
[Round "7.4"]
[White "Graham, Oliver"]
[Black "Cork, David J"]
[Result "0-1"]
[WhiteElo "1975"]
[BlackElo "1955"]
[PlyCount "144"]
[EventDate "2005.11.05"]
[EventType "team-tourn"]
[EventRounds "11"]
[EventCountry "ENG"]
[SourceTitle "CBM 109 Extra"]
[Source "ChessBase"]
[SourceDate "2006.01.03"]
[SourceVersion "2"]
[SourceVersionDate "2006.01.03"]
[SourceQuality "1"]
[WhiteTeam "Nottinghamshire II"]
[BlackTeam "Conquistadors"]
[WhiteTeamCountry "ENG"]
[BlackTeamCountry "ENG"]

1. e4 c5 2. Nf3 d6 3. d4 cxd4 4. Nxd4 Nf6 5. Nc3 g6 6. Be3 Bg7 7. Bc4 0-0 8. Qd2 Ng4 9. Bg5 Qb6 10. Nb3 Nc6 11. Nd5 Qd8 12. c3 Nge5 13. Be2 Re8 14. 0-0 Bg4 15. f3 Bd7 16. Rac1 Be6 17. Rfd1 Nd7 18. Be3 Nf6 19. Bb5 Rc8 20. c4 Bd7 21. c5 Ne5 22. Nxf6+ Bxf6 23. Bxd7 Qxd7 24. f4 Ng4 25. Bd4 Qa4 26. Bxf6 Nxf6 27. cxd6 exd6 28. Rxc8 Rxc8 29. Qxd6 Nxe4 30. Qd7 Qxd7 31. Rxd7 Rc2 32. Rd4 Nc5 33. Nxc5 Rxc5 34. Rd2 b5 35. Kf2 a5 36. Ke3 f5 37. a3 Rc4 38. g3 Rc7 39. Rd5 Rb7 40. Kd4 Kf7 41. Kc5 b4 42. axb4 Rxb4 43. Rd7+ Kg8 44. Rd2 Kf7 45. Kd6 h5 46. Re2 Rb7 47. Kc6 Rb4 48. Kc5 Rb7 49. Kc4 a4 50. Kc3 Rb3+ 51. Kc2 Rb4 52. Re3 h4 53. Kb1 Kf6 54. Ka2 h3 55. Ka3 Re4 56. Rc3 Re2 57. Rc6+ Kg7 58. Rc7+ Kh6 59. Rc8 Rxh2 60. Rh8+ Kg7 61. Rh4 Rh1 62. Kxa4 h2 63. Kb5 Kf6 64. b4 Ke6 65. Rh6 Kd5 66. Kb6 Ke4 67. b5 Kf3 68. Kb7 Kg2 69. Rxg6 Rb1 70. g4 h1Q 71. gxf5+ Kf2+ 72. Kb6 Qf1 0-1

[Event "BCF-chT4 0506 (4NCL)"]
[Site "West Bromwich"]
[Date "2006.02.12"]
[Round "6.5"]
[White "Butterworth, Paul"]
[Black "Cork, David J"]
[Result "1-0"]
[WhiteElo "1890"]
[BlackElo "1955"]
[PlyCount "141"]
[EventDate "2005.11.05"]
[EventType "team-tourn"]
[EventRounds "11"]
[EventCountry "ENG"]
[SourceTitle "CBM 109 Extra"]
[Source "ChessBase"]
[SourceDate "2006.01.03"]
[SourceVersion "2"]
[SourceVersionDate "2006.01.03"]
[SourceQuality "1"]
[WhiteTeam "Grendel's Mother"]
[BlackTeam "Conquistadors"]
[WhiteTeamCountry "ENG"]
[BlackTeamCountry "ENG"]

1. d4 Nf6 2. c4 g6 3. Nc3 Bg7 4. e4 d6 5. Be2 0-0 6. Nf3 e5 7. 0-0 Nc6 8. d5 Ne7 9. Ne1 Ne8 10. Be3 f5 11. f3 f4 12. Bf2 h5 13. a4 a6 14. a5 g5 15. c5 Ng6 16. b4 Bd7 17. Bc4 Nf6 18. c6 Bc8 19. cxb7 Bxb7 20. Nd3 g4 21. b5 g3 22. hxg3 fxg3 23. Bxg3 h4 24. Bh2 Nh5 25. bxa6 Bxa6 26. Bxa6 Rxa6 27. Ne2 Qg5 28. Qc1 Ngf4 29. Nexf4 exf4 30. Ra4 Rf7 31. Nf2 Be5 32. Ng4 Rg7 33. Rf2 Nf6 34. Nxf6+ Qxf6 35. Rc2 h3 36. Kf1 Qf7 37. Qe1 Qd7 38. Qb4 hxg2+ 39. Rxg2 Qh3 40. Raa2 Qxf3+ 41. Raf2 Qd1+ 42. Qe1 Qd3+ 43. Qe2 Qb1+ 44. Qe1 Qb5+ 45. Qe2 Qb1+ 46. Qe1 Qxe1+ 47. Kxe1 Rxa5 48. Bxf4 Ra1+ 49. Ke2 Ra2+ 50. Kf3 Rxf2+ 51. Rxf2 Kf7 52. Bxe5 dxe5 53. Rc2 Kf6 54. Rc6+ Kg5 55. Re6 Rf7+ 56. Ke3 Rd7 57. Rxe5+ Kf6 58. Re6+ Kf7 59. Rh6 Kg7 60. Re6 Kf7 61. Kd4 Rd8 62. Kc5 Ra8 63. Kc6 Ra7 64. e5 Ra6+ 65. Kd7 Ra5 66. Rf6+ Kg7 67. Kc6 Ra7 68. Rf4 Ra5 69. e6 Ra1 70. Kxc7 Rc1+ 71. Kd7 1-0